LEADER 01714nam a2200385 u 4500 001 000000079740 003 CaOOAMICUS 005 20070226123554.0 008 040611s2003 it u000 u ita u 020 $a8816406186 035 $a10998815 040 $aPUL$bita 041 0 $aita$hfre 100 1 $aHayoun, Maurice-Ruben,$d1951-$0(OLS)http://pul/name/16883 240 10$aMaimonide ou l'autre Moise.$lItaliano.$0(OLS)http://pul/title/104451 245 10$aMaimonide :$bL'altro Mosč 1138-1204 /$cMaurice-Ruben Hayoun ; editoriale di Inos Biffi, prefazione di Jean Jolivet, con un testo di Giuseppe Laras, traduzione di Stefano Salpietro. 260 $aMilano :$bJaca Book,$c2003. 300 $a293 p. ;$c25 cm 490 1 $aDi fronte e attraverso ;$v618 490 1 $aBiblioteca di cultura medievale 500 $aComprende indici. 504 $aBibliografia in nota. 630 04$aBiblia.$0(OLS)http://pul/subject/2876 700 1 $aLaras, Giuseppe,$d1935-$0(OLS)http://pul/name/53121 700 1 $aJolivet, Jean,$d1925-$0(OLS)http://pul/name/3629 700 1 $aBiffi, Inos,$csac.,$d1934-$0(OLS)http://pul/name/1663 830 0$aBiblioteca di cultura medievale.$0(OLS)http://pul/title/2253 830 0$aDi fronte e attraverso ;$v618.$0(OLS)http://pul/title/138 850 $aPUL 852 $aPUL$W1$xSL Filosofia 3$y81$m181. 06 RUBMA 1$j101977$nBK-PRI$b $qDDC 21$B101977$CPULBib$Z2$F101977 $HPUL92340 $81 941 1 $a9 960 $aBibbia$92876 996 $6020$a8816406186$9(OLS)http://pul/number/105025 996 $6245$aMaimonide :$bL'altro Mosč 1138-1204$9(OLS)http://pul/title/104452 996 $6260$aMilano :$bJaca Book$9(OLS)http://pul/publisher/47900 LEADER 01590namaa2200301 i 4500 001 000000178200 003 CaOOAMICUS 005 20150603094447.0 008 251107s1995 vc u000 u ita r 040 $aPUL$bita 100 1 $aPelli, Anna,$eautore dissertazione.$0(OLS)http://pul/name/39665 245 12$aL'abbandono di Gesł e il mistero del Dio uno e trino :$bun'interpretazione teologica nel nuovo orizzonte di comprensione aperto da Chiara Lubich /$cAnna Pelli. 260 $aRoma :$bPontificia Universitą Lateranense,$c1995. 300 $a312 pagine ;$c22 cm 336 $atesto$btxt$2rdacontent 337 $asenza mediazione$bn$2rdamedia 338 $avolume$bnc$2rdacarrier 502 $aTesi -- Pontificia Universitą Lateranense. Facoltą di Teologia, 1995. 504 $aBibliografia: pagine 293-302. 600 14$aLubich, Chiara,$d1920-2008.$0(OLS)http://pul/subject/1557 710 2 $aPontificia Universitą Lateranense.$bFacoltą di Teologia$kTesi.$0(OLS)http://pul/name/81775 850 $aPUL 852 $aPUL$W1$xDP1 Tesi Pon Univ. Lateranense$y41$m2000 B 3$j118338$qTesi$B207292$CPULBib$Z2$F207292 $Hnull $82 910 $aPontificia Universitą Lateranense.$bFacoltą di sacra teologia.$kTesi$981775 941 1 $a16 996 $6245$aL'abbandono di Gesł e il mistero del Dio uno e trino :$bun'interpretazione teologica nel nuovo orizzonte di comprensione aperto da Chiara Lubich$9(OLS)http://pul/title/75644 996 $6260$aRoma :$bPontificia Universitą Lateranense$9(OLS)http://pul/publisher/47963